000 00272nam a22001217a 4500
008 170623b xxu||||| |||| 00| 0 eng d
041 _aeng
080 _a32
100 _a21
101 _aSHP
245 _aTHE COMMUNIST PARTY APPARATUS
_cAVTORKHANOV, A
942 _2udc
_cBK
999 _c19067
_d19067